00301nam a2200121Ia 4500008004000000041000800040082001500048100002000063245002800083260003500111300001200146650002100158210210b1994 xxu||||| |||| 00| 0 eng d aeng a423.1 SPOO aSPOONER (Alan). aOxford study theasurus. aOxfordbUniversity pressc1994 avii,555 aOxford Thesaurus